000 00744nam a2200301Ia 4500
005 20260401122309.0
008 008 250103s9999 xx 000 0 eng d
020 _a9780754660194
037 _aTB
040 _aEDL
040 _beng
040 _cEDL
041 _2eng
041 _aeng
084 _a769.9421 MON
084 _qEDL
100 _aMonteyne, Joseph
_91233166
245 0 _aPrinted Image in Early Modern London: Urban Space, Visual Representation, and social Exchange
245 0 _cMonteyne, Joseph
260 _aEngland
260 _bAhgate Publishing Company
260 _c2007
300 _a286p
942 _cTB
942 _h769.9421 MON
999 _c1846318
_d1846318